000 00296nam a22001337a 4500
008 181019b xxu||||| |||| 00| 0 eng d
020 _a0134965302
041 _aeng
080 _a370
100 _a48
101 _aEDU
245 _aSpeakers Lifetime Libarary
_cMiller.A.R
942 _2udc
_cBK
999 _c50178
_d50178